LEADER 02111oas 2200877 a 450 001 9910144517103321 005 20260314213021.0 011 $a1533-7294 035 $a(DE-599)ZDB2061436-6 035 $a(DE-599)2061436-6 035 $a(OCoLC)45858757 035 $a(CONSER) 2001212222 035 $a(CKB)954925464209 035 $a(EXLCZ)99954925464209 100 $a20010206a19749999 sy a 101 0 $aeng 135 $aurcn||||||||| 181 $ctxt$2rdacontent 182 $cc$2rdamedia 183 $acr$2rdacarrier 200 14$aThe journal of family practice 210 $a[Montvale, N.J.?] $cDowden Health Media 300 $aRefereed/Peer-reviewed 311 08$a0094-3509 517 1 $aJFP 531 0 $aJ. family pract. 606 $aFamily medicine$vPeriodicals 606 $aFamily Practice 606 $aMe?decine familiale$vPe?riodiques 606 $aFamily medicine$2fast$3(OCoLC)fst00920401 606 $aHuisartsgeneeskunde$2gtt 606 $aMedicina familiar$2thub 608 $aPeriodicals.$2fast 608 $aPeriodicals.$2lcgft 608 $aRevistes electròniques.$2thub 615 0$aFamily medicine 615 2$aFamily Practice. 615 6$aMe?decine familiale 615 7$aFamily medicine. 615 17$aHuisartsgeneeskunde. 615 7$aMedicina familiar. 676 $a610 801 0$bNSD 801 1$bNSD 801 2$bOCLCQ 801 2$bEUE 801 2$bOCLCQ 801 2$bOCLCF 801 2$bOCLCO 801 2$bEUW 801 2$bOCLCO 801 2$bPFM 801 2$bOCLCO 801 2$bOCLCQ 801 2$bOCLCO 801 2$bOCLCQ 801 2$bREB 801 2$bOCLCO 801 2$bMOW 801 2$bDKU 801 2$bWYU 801 2$bOCLCO 801 2$bOCLCA 801 2$bVT2 801 2$bCUI 801 2$bDYJ 801 2$bOCLCQ 801 2$bIOY 801 2$bORU 801 2$bOCLCL 801 2$bOCLCQ 801 2$bSFB 906 $aJOURNAL 912 $a9910144517103321 996 $aThe journal of family practice$92225598 997 $aUNINA